Menschenbildung: Fähigkeiten für den Umgang mit sich selbst und anderen

Saved in:  
Bibliographic Details
Main Author: Dittmann-Kohli, Freya (Author)
Format: Print Article
Language:German
Check availability: HBZ Gateway
Interlibrary Loan:Interlibrary Loan for the Fachinformationsdienste (Specialized Information Services in Germany)
Published: 1980
In: Kulturelle Identität im Wandel
Year: 1980, Pages: 119-128
Further subjects:B Interaction

MARC

LEADER 00000caa a22000002c 4500
001 1444110497
003 DE-627
005 20250117121418.0
007 tu
008 121112s1980 xx ||||| 00| ||ger c
020 |a 3129328203 
035 |a (DE-627)1444110497 
035 |a (DE-576)374110492 
035 |a (DE-599)BSZ374110492 
040 |a DE-627  |b ger  |c DE-627  |e rakwb 
041 |a ger 
084 |a 0  |2 ssgn 
100 1 |a Dittmann-Kohli, Freya  |4 aut 
245 1 0 |a Menschenbildung  |b Fähigkeiten für den Umgang mit sich selbst und anderen  |c Freya Dittmann-Kohli 
264 1 |c 1980 
336 |a Text  |b txt  |2 rdacontent 
337 |a ohne Hilfsmittel zu benutzen  |b n  |2 rdamedia 
338 |a Band  |b nc  |2 rdacarrier 
601 |a Menschenbild 
650 4 |a Interaktion 
773 0 8 |i In  |t Kulturelle Identität im Wandel  |b 1. Aufl.  |d Stuttgart : Klett-Cotta, 1980  |g (1980), Seite 119-128  |h 407 S.  |w (DE-627)027263266  |w (DE-576)009958800  |z 3129328203  |7 nnam 
773 1 8 |g year:1980  |g pages:119-128 
889 |w (DE-627)1863610561 
935 |i mdedup 
951 |a AR 
ELC |b 1 
ITA |a 1  |t 1 
ORI |a SA-MARC-ixtheo_oa001.raw 
REL |a 1 
STA 0 0 |a Interaction 
STB 0 0 |a Interaction 
STC 0 0 |a Interacción 
STD 0 0 |a Interazione 
STE 0 0 |a 相互作用,互动 
STF 0 0 |a 相互作用,互動 
STG 0 0 |a Interação 
STH 0 0 |a Взаимодействие 
STI 0 0 |a Αλληλεπίδραση 
SUB |a REL 
SYE 0 0 |a Interaktionsprozess,Interaktives Verhalten,Interpersonelle Interaktion,Personale Interaktion,Soziale Beziehung,Soziale Interaktion,Interaktionen